Synthetic Aperture Radar Signal Processing with MATLAB algorithms (Record no. 323586)
[ view plain ]
| 000 -LEADER | |
|---|---|
| fixed length control field | 00518 a2200157 4500 |
| 001 - CONTROL NUMBER | |
| control field | 88513 |
| 082 ## - DEWEY DECIMAL CLASSIFICATION NUMBER | |
| Classification number | 621.3848 SOU |
| 090 ## - LOCALLY ASSIGNED LC-TYPE CALL NUMBER (OCLC); LOCAL CALL NUMBER (RLIN) | |
| -- | 41901 |
| -- | 41901 |
| 100 ## - MAIN ENTRY--PERSONAL NAME | |
| Personal name | Soumekh, Mehrdad; Robert N. McDonough |
| 245 ## - TITLE STATEMENT | |
| Title | Synthetic Aperture Radar Signal Processing with MATLAB algorithms |
| 260 ## - PUBLICATION, DISTRIBUTION, ETC. | |
| Place of publication, distribution, etc. | NY |
| Name of publisher, distributor, etc. | Wiley Interscience Publication |
| Date of publication, distribution, etc. | 1999 |
| 300 ## - PHYSICAL DESCRIPTION | |
| Extent | xxvii, 616 p. |
| Other physical details | Hb |
| 500 ## - GENERAL NOTE | |
| General note | avionics |
| 600 ## - SUBJECT ADDED ENTRY--PERSONAL NAME | |
| Personal name | Signal Processing- mathematics |
| 740 ## - ADDED ENTRY--UNCONTROLLED RELATED/ANALYTICAL TITLE | |
| Uncontrolled related/analytical title | MATLAB algorithms |
| Medium | Synthetic Aperture Radar Signal Processing |
| 942 ## - ADDED ENTRY ELEMENTS (KOHA) | |
| Institution code [OBSOLETE] | CAE NUST |
| Call number prefix | 621.3849 SOU |
| Withdrawn status | Lost status | Damaged status | Not for loan | Collection code | Permanent Location | Current Location | Date acquired | Total Checkouts | Full call number | Barcode | Date last seen | Price effective from | Koha item type |
|---|---|---|---|---|---|---|---|---|---|---|---|---|---|
| College of Aeronautical Engineering (CAE) | College of Aeronautical Engineering (CAE) | 04/03/2017 | 621.3849 SOU | CAE86025 | 04/05/2017 | 04/05/2017 | Book |
